[Event "POL-chT Ekstraliga 2018"]
[Site "Gorzow"]
[Date "2018.06.08"]
[Round "1"]
[White "Szelag, Marcin"]
[Black "Gumularz, Szymon"]
[Result "0-1"]
[WhiteElo "2421"]
[BlackElo "2452"]
[Annotator "TA"]
[PlyCount "84"]
[EventDate "2018.06.08"]
[EventType "team-tourn"]
[EventCountry "POL"]
[SourceTitle "playchess.com"]
[Source "ChessBase"]
[SourceQuality "1"]

{[%evp 24,84,12,0,0,0,0,0,0,0,0,0,0,0,0,0,0,0,0,0,0,0,0,0,0,0,0,0,57,41,63,45,68,50,90,83,99,7,92,100,219,196,314,313,273,59,63,-476,-445,-500,-503,-526,-518,-518,-508,-504,-502,-516,-521,-563,-563,-563,-556]} 1. e4 c6 2. d4 d5 3. e5 Bf5 4. Nf3 e6 5. Be2 c5 6. Be3 cxd4 7. Nxd4 Ne7 8. c4 Nbc6 9. Qa4 {B12: Caro-Kann (Vorstoß-Variante)} a6 10. Nc3 dxc4 11. Rd1 (11. O-O-O Qa5 12. Qxa5 Nxa5 13. Nxf5 Nxf5 14. Bb6 Nc6 15. f4 Rc8 16. Bxc4 Bb4 {1-0 (35) Sevian,S (2620)-Nisipeanu,L (2687) Tbilisi 2017}) 11... Bd3 12. Bxd3 cxd3 13. Rxd3 {LiveBook: 4 Partien} b5 14. Ndxb5 Qxd3 15. Nc7+ Kd7 $1 {[%cal Rd7c7]} 16. Nxa8 {[#] Db3 ist eine echte Drohung.} Nd5 17. Nxd5 exd5 18. Qg4+ Kd8 19. Bb6+ Ke7 20. Bc5+ Kd8 21. Bb6+ $40 {[%mdl 128] Weiss startet einen Angriff.} Ke7 22. f4 {zielt auf Kf2 ab.} Qe4+ (22... Qb1+ $6 23. Kf2 $16) 23. Qe2 {Und weiter mit Dxe4 wäre nett.} Qxf4 24. Rf1 $146 ({Vorgänger:} 24. Nc7 Qc1+ 25. Kf2 {½-½ (23) Wassilieff,H (2167)-Balutescu,M (2329) ICCF email 2012}) 24... Qxe5 ({Viel schlechter ist} 24... Qc1+ $6 25. Kf2 $16) 25. Nc7 Qxe2+ (25... f6 {is interesting.} 26. Kd1 Qxe2+ 27. Kxe2 Kd7 28. Nxd5 Bd6) 26. Kxe2 f6 27. Rd1 Kd7 28. Nxa6 Bd6 29. Rxd5 Ke6 30. Rd3 (30. Rd2 $16) 30... Bxh2 (30... Ne5 $1 $11 {bleibt in der Remisbreite.} 31. Rc3 Ra8 32. Nc7+ Bxc7 33. Rxc7 Nd7) 31. b4 $16 {[%cal Bb2b4,Bb4b5][%mdl 32]} Ra8 (31... Rc8 $16 {war angesagt.}) 32. b5 $18 Ne7 (32... Ke7 {war nötig.} 33. a4 (33. bxc6 Rxa6 34. c7 Rxa2+ 35. Kf3 Bxc7 $16) 33... Ne5) 33. a4 Nd5 {[#]} 34. Nc5+ $2 (34. g3 $1 $18) 34... Ke5 $14 35. Rb3 $2 {[%mdl 8192]} (35. a5 $14 {bleibt weiter vorne.}) 35... Nxb6 $19 {Schwarz steht klar auf Gewinn.} 36. Rh3 Bg1 37. Nd3+ Kf5 38. Rxh7 Kg6 39. Rh1 Bd4 40. Rh4 Rxa4 41. Re4 Nd5 42. Kf3 Nc3 {Precision: Weiß = 42%, Schwarz = 53%.} 0-1

[Event "POL-chT Ekstraliga 2018"]
[Site "Gorzow"]
[Date "2018.06.08"]
[Round "1"]
[White "Szczepkowska, Karina"]
[Black "Kulon, Klaudia"]
[Result "1/2-1/2"]
[WhiteElo "2412"]
[BlackElo "2356"]
[Annotator "TA"]
[PlyCount "71"]
[EventDate "2018.06.08"]
[EventType "team-tourn"]
[EventCountry "POL"]
[SourceTitle "playchess.com"]
[Source "ChessBase"]
[SourceQuality "1"]

{[%evp 30,71,6,10,29,21,27,36,60,68,58,72,45,53,60,58,58,58,58,49,173,0,0,0,0,0,0,0,0,0,0,0,35,35,23,34,39,0,0,0,16,0,0,0]} 1. d4 Nf6 2. c4 g6 3. Nc3 Bg7 4. e4 O-O 5. f3 d6 6. Be3 c5 7. dxc5 dxc5 8. Qxd8 Rxd8 9. Bxc5 Nc6 {[%cal Bb8c6,Bc6b4,Bb4c2][%mdl 32]} 10. Ba3 a5 11. Rd1 Be6 12. Nd5 Bxd5 13. cxd5 Nb4 14. Bb5 {E81: King's Indian: Sämisch: 6th move deviations (including 6 Be3 c6)} Nc2+ 15. Kf2 Nxa3 16. bxa3 {LiveBook: 7 Games} Rac8 17. Ne2 Rc2 18. Ra1 $146 ({Predecessor:} 18. Rd3 Rxa2 19. Rc1 Rb2 20. a4 Ne8 21. Bxe8 Rxe8 22. Rc4 b5 23. axb5 Rxb5 24. f4 Bb2 25. Nd4 Bxd4+ {½-½ (25) Gutov,A (2467)-Guseinov,G (2617) Moscow 2008}) 18... Nd7 19. Rhc1 Rb2 $1 {[%cal Rb2b5]} 20. Bxd7 $1 Rxd7 21. Rc8+ Bf8 22. Ke3 e6 23. dxe6 $1 fxe6 24. Nf4 Re7 {[#]} ({Black should play} 24... Rd6 $1 $14) 25. h4 $2 (25. Nd3 $1 $18 {[%cal Rd3b2]} Rxg2 26. Ne5 Rxh2 27. Rd1) 25... Kf7 $11 {aiming for ...Bh6.} 26. g4 {Black must now prevent Nd3.} Rh2 27. Rb8 Bg7 28. Rb1 Rxa2 29. Nd3 Rxa3 {...Rd7 is the strong threat.} 30. R8xb7 a4 31. Rxe7+ Kxe7 32. Rb7+ Kf8 33. Rb8+ Kf7 {The position is equal.} 34. Rb7+ Kg8 35. Rb8+ Kf7 36. Ra8 {Precision: White = 61%, Black = 50%.} 1/2-1/2

[Event "POL-chT Ekstraliga 2018"]
[Site "Gorzow"]
[Date "2018.06.08"]
[Round "1"]
[White "Nguyen, Piotr"]
[Black "Tomaszewski, Roman"]
[Result "1-0"]
[WhiteElo "2397"]
[BlackElo "2265"]
[Annotator "NA"]
[PlyCount "65"]
[EventDate "2018.06.08"]
[EventType "team-tourn"]
[EventCountry "POL"]
[SourceTitle "playchess.com"]
[Source "ChessBase"]
[SourceQuality "1"]
[TimeControl "40/5400+30:1800+30"]

1. c4 {[%emt 0:00:00]} c5 {[%emt 0:00:08]} 2. g3 {[%emt 0:01:36]} Nc6 {[%emt 0:00:58]} 3. Bg2 {[%emt 0:00:11]} g6 {[%emt 0:00:08]} 4. Nc3 {[%emt 0:00:13]} Bg7 {[%emt 0:00:07]} 5. Nf3 {[%emt 0:03:12]} e6 {[%emt 0:00:09]} 6. d3 {[%emt 0:02:13]} Nge7 {[%emt 0:17:48]} 7. h4 {[%emt 0:00:11]} h6 {[%emt 0:00:33]} 8. Bd2 {[%emt 0:02:21]} d5 {[%emt 0:01:31]} 9. a3 {[%emt 0:04:25]} b6 {[%emt 0:09:22]} 10. Rb1 {[%emt 0:02:02]} Bb7 {[%emt 0:00:30]} 11. O-O {[%emt 0:03:42]} O-O {[%emt 0:19:07]} 12. Qc1 {[%emt 0:11:03]} Kh7 {[%emt 0:09:36]} 13. b4 {[%emt 0:00:55]} cxb4 {[%emt 0:11:02]} 14. axb4 {[%emt 0:00:07]} Qd7 {[%emt 0:09:54]} 15. b5 {[%emt 0:14:03]} Nd8 {[%emt 0:02:38]} 16. c5 {[%emt 0:00:29]} bxc5 {[%emt 0:00:19]} 17. Na4 {[%emt 0:00:13]} c4 {[%emt 0:03:16]} 18. dxc4 {[%emt 0:02:37]} dxc4 {[%emt 0:00:06]} 19. Nc5 {[%emt 0:05:18]} Qc7 {[%emt 0:00:44]} 20. Qxc4 {[%emt 0:00:54]} Rc8 {[%emt 0:07:09]} 21. Rfc1 {[%emt 0:05:06]} Re8 {[%emt 0:03:33]} 22. Qa4 {[%emt 0:06:31]} Qb6 {[%emt 0:00:54]} 23. Nxb7 {[%emt 0:04:47]} Nxb7 {[%emt 0:00:46]} 24. Be3 {[%emt 0:00:10]} Qd6 {[%emt 0:01:18]} 25. Qxa7 {[%emt 0:01:08]} Rb8 {[%emt 0:00:02]} 26. Bf4 {[%emt 0:09:13]} e5 {[%emt 0:00:09]} 27. Nxe5 {[%emt 0:05:32]} Bxe5 {[%emt 0:00:02]} 28. Bxe5 {[%emt 0:00:05]} Qxe5 {[%emt 0:00:07]} 29. Bxb7 {[%emt 0:00:05]} Nf5 {[%emt 0:00:20]} 30. Bf3 {[%emt 0:02:17]} Kg7 {[%emt 0:00:26]} 31. Rc7 {[%emt 0:01:17]} Nxg3 {[%emt 0:00:30]} 32. Rxf7+ {[%emt 0:01:32]} Kg8 {[%emt 0:00:03]} 33. fxg3 {[%emt 0:02:10]} 1-0

[Event "POL-chT Ekstraliga 2018"]
[Site "Gorzow"]
[Date "2018.06.08"]
[Round "1"]
[White "Luch, Michal"]
[Black "Mikrut, Dariusz"]
[Result "*"]
[WhiteElo "2395"]
[BlackElo "2379"]
[Annotator "NA"]
[PlyCount "96"]
[EventDate "2018.06.08"]
[EventType "team-tourn"]
[EventCountry "POL"]
[SourceTitle "playchess.com"]
[Source "ChessBase"]
[SourceQuality "1"]
[TimeControl "40/5400+30:1800+30"]

1. c4 {[%emt 0:00:00]} Nf6 {[%emt 0:03:20]} 2. Nc3 {[%emt 0:00:30]} e6 {[%emt 0:00:12]} 3. e4 {[%emt 0:01:07]} e5 {[%emt 0:03:45]} 4. f4 {[%emt 0:13:04]} d6 {[%emt 0:05:04]} 5. d3 {[%emt 0:07:55]} Be7 {[%emt 0:01:18]} 6. Nf3 {[%emt 0:01:49]} Nbd7 {[%emt 0:01:22]} 7. Be2 {[%emt 0:03:17]} c6 {[%emt 0:00:52]} 8. O-O {[%emt 0:01:35]} a6 {[%emt 0:00:55]} 9. d4 {[%emt 0:01:53]} O-O {[%emt 0:02:14]} 10. Kh1 {[%emt 0:08:59]} exd4 {[%emt 0:05:18]} 11. Nxd4 {[%emt 0:00:37]} Nc5 {[%emt 0:00:13]} 12. Bf3 {[%emt 0:00:24]} a5 {[%emt 0:00:17]} 13. b3 {[%emt 0:04:25]} Re8 {[%emt 0:04:27]} 14. Ba3 {[%emt 0:14:33]} Qb6 {[%emt 0:01:48]} 15. Qd2 {[%emt 0:16:47]} Bf8 {[%emt 0:08:06]} 16. Rae1 {[%emt 0:00:17]} a4 {[%emt 0:01:18]} 17. b4 {[%emt 0:01:08]} Ne6 {[%emt 0:05:30]} 18. Nf5 {[%emt 0:06:00]} Qc7 {[%emt 0:04:42]} 19. g3 {[%emt 0:09:58]} g6 {[%emt 0:01:44]} 20. Ne3 {[%emt 0:00:02]} Qb6 {[%emt 0:02:37]} 21. Qf2 {[%emt 0:02:58]} Bg7 {[%emt 0:04:33]} 22. c5 {[%emt 0:01:00]} dxc5 {[%emt 0:04:04]} 23. bxc5 {[%emt 0:00:02]} Qa5 {[%emt 0:01:39]} 24. Rc1 {[%emt 0:00:40]} Qa6 {[%emt 0:06:00]} 25. e5 {[%emt 0:00:37]} Nd7 {[%emt 0:00:25]} 26. Ne4 {[%emt 0:00:37]} Nd4 {[%emt 0:03:46]} 27. Nd6 {[%emt 0:01:02]} Rd8 {[%emt 0:00:55]} 28. Be4 {[%emt 0:01:37]} Nf8 {[%emt 0:00:36]} 29. Nec4 {[%emt 0:00:27]} Nb5 {[%emt 0:01:22]} 30. Nxb5 {[%emt 0:00:38]} Qxb5 {[%emt 0:02:30]} 31. Nd6 {[%emt 0:00:02]} Qa5 {[%emt 0:00:17]} 32. Rb1 {[%emt 0:00:52]} Qc7 {[%emt 0:01:30]} 33. Rfd1 {[%emt 0:00:35]} f6 {[%emt 0:01:00]} 34. exf6 {[%emt 0:00:54]} Bxf6 {[%emt 0:00:05]} 35. Qc2 {[%emt 0:00:30]} Qe7 {[%emt 0:01:34]} 36. Re1 {[%emt 0:00:22]} Qg7 {[%emt 0:00:31]} 37. Bf3 {[%emt 0:00:15]} h5 {[%emt 0:04:53]} 38. Qc4+ {[%emt 0:00:54]} Kh7 {[%emt 0:00:43]} 39. Ne8 {[%emt 0:00:36]} Rxe8 {[%emt 0:02:00]} 40. Rxe8 {[%emt 0:00:00]} Bg4 {[%emt 0:00:06]} 41. Re3 {[%emt 0:05:49]} Bd4 {[%emt 0:01:53]} 42. Rd3 {[%emt 0:06:13]} Bf5 {[%emt 0:02:15]} 43. Qxd4 {[%emt 0:01:08]} Qxd4 {[%emt 0:00:22]} 44. Rxb7+ {[%emt 0:00:16]} Qg7 {[%emt 0:00:38]} 45. Rxg7+ {[%emt 0:02:50]} Kxg7 {[%emt 0:00:04]} 46. Rd4 {[%emt 0:02:38]} Ne6 {[%emt 0:03:39]} 47. Rd7+ {[%emt 0:02:01]} Kf8 {[%emt 0:00:19]} 48. Bxc6 {[%emt 0:00:48]} Rb8 {[%emt 0:01:08]} *

[Event "POL-chT Ekstraliga 2018"]
[Site "Gorzow"]
[Date "2018.06.08"]
[Round "1"]
[White "Majdan, Joanna"]
[Black "Lach, Aleksandra"]
[Result "1/2-1/2"]
[WhiteElo "2371"]
[BlackElo "2209"]
[Annotator "NA"]
[PlyCount "121"]
[EventDate "2018.06.08"]
[EventType "team-tourn"]
[EventCountry "POL"]
[SourceTitle "playchess.com"]
[Source "ChessBase"]
[SourceQuality "1"]
[TimeControl "40/5400+30:1800+30"]

1. e4 {[%emt 0:00:00]} c5 {[%emt 0:00:27]} 2. Nf3 {[%emt 0:00:00]} d6 {[%emt 0:00:21]} 3. d4 {[%emt 0:00:00]} cxd4 {[%emt 0:00:22]} 4. Qxd4 {[%emt 0:00:00]} a6 {[%emt 0:00:34]} 5. c4 {[%emt 0:01:39]} Nc6 {[%emt 0:04:03]} 6. Qe3 {[%emt 0:00:05]} Bg4 {[%emt 0:01:03]} 7. h3 {[%emt 0:04:59]} Bxf3 {[%emt 0:04:05]} 8. Qxf3 {[%emt 0:00:12]} g6 {[%emt 0:04:45]} 9. Qb3 {[%emt 0:04:46]} Rb8 {[%emt 0:05:38]} 10. Be3 {[%emt 0:01:07]} Bg7 {[%emt 0:12:05]} 11. Nc3 {[%emt 0:03:17]} Nd4 {[%emt 0:14:46]} 12. Qd1 {[%emt 0:00:34]} Ne6 {[%emt 0:02:52]} 13. Rc1 {[%emt 0:01:13]} Nf6 {[%emt 0:02:09]} 14. Be2 {[%emt 0:02:48]} O-O {[%emt 0:08:41]} 15. O-O {[%emt 0:06:31]} b5 {[%emt 0:02:25]} 16. cxb5 {[%emt 0:00:39]} axb5 {[%emt 0:00:13]} 17. b4 {[%emt 0:00:17]} Nc7 {[%emt 0:03:04]} 18. a4 {[%emt 0:04:36]} bxa4 {[%emt 0:04:46]} 19. Qxa4 {[%emt 0:00:12]} Nd7 {[%emt 0:00:29]} 20. Rfd1 {[%emt 0:02:36]} Rb7 {[%emt 0:07:40]} 21. Nd5 {[%emt 0:03:59]} Nxd5 {[%emt 0:01:43]} 22. exd5 {[%emt 0:00:18]} Qa8 {[%emt 0:01:57]} 23. Qb3 {[%emt 0:02:09]} Rfb8 {[%emt 0:03:54]} 24. b5 {[%emt 0:00:36]} Qa5 {[%emt 0:00:19]} 25. Rc6 {[%emt 0:02:42]} h6 {[%emt 0:01:43]} 26. Rdc1 {[%emt 0:02:24]} Kh7 {[%emt 0:00:49]} 27. Qc2 {[%emt 0:02:21]} Nb6 {[%emt 0:04:34]} 28. Qe4 {[%emt 0:02:35]} Qa4 {[%emt 0:04:51]} 29. Qf3 {[%emt 0:00:15]} f5 {[%emt 0:00:33]} 30. Bxb6 {[%emt 0:01:07]} Rxb6 {[%emt 0:00:04]} 31. Bd3 {[%emt 0:00:36]} Qd4 {[%emt 0:03:32]} 32. Rxb6 {[%emt 0:04:12]} Rxb6 {[%emt 0:00:29]} 33. g4 {[%emt 0:04:18]} fxg4 {[%emt 0:00:49]} 34. hxg4 {[%emt 0:00:05]} Bf6 {[%emt 0:00:09]} 35. Rc8 {[%emt 0:03:03]} Qe5 {[%emt 0:00:36]} 36. Qe3 {[%emt 0:20:52]} Rb7 {[%emt 0:00:25]} 37. Bc4 {[%emt 0:02:30]} Qd4 {[%emt 0:00:58]} 38. Qe6 {[%emt 0:01:53]} h5 {[%emt 0:00:12]} 39. gxh5 {[%emt 0:03:51]} gxh5 {[%emt 0:00:14]} 40. Qf7+ {[%emt 0:00:00]} Kh6 {[%emt 0:00:39]} 41. Be2 {[%emt 0:05:16]} Qa1+ {[%emt 0:13:53]} 42. Kg2 {[%emt 0:01:32]} Qe5 {[%emt 0:01:10]} 43. Rg8 {[%emt 0:04:48]} Bg7 {[%emt 0:01:08]} 44. Kh3 {[%emt 0:07:30]} Qc3+ {[%emt 0:09:30]} 45. Bf3 {[%emt 0:00:32]} Kh7 {[%emt 0:00:25]} 46. Re8 {[%emt 0:08:02]} Qe5 {[%emt 0:04:32]} 47. Bd1 {[%emt 0:05:36]} Rc7 {[%emt 0:02:35]} 48. b6 {[%emt 0:07:01]} Rc3+ {[%emt 0:00:45]} 49. Bf3 {[%emt 0:00:20]} Qg5 {[%emt 0:01:12]} 50. Qg8+ {[%emt 0:00:17]} Kh6 {[%emt 0:00:35]} 51. Qe6+ {[%emt 0:00:04]} Qf6 {[%emt 0:00:39]} 52. Qxf6+ {[%emt 0:00:32]} Bxf6 {[%emt 0:00:01]} 53. b7 {[%emt 0:00:19]} Rxf3+ {[%emt 0:00:01]} 54. Kg2 {[%emt 0:00:04]} Rb3 {[%emt 0:00:14]} 55. b8=Q {[%emt 0:00:04]} Rxb8 {[%emt 0:00:02]} 56. Rxb8 {[%emt 0:00:05]} Kg5 {[%emt 0:00:06]} 57. Rb3 {[%emt 0:01:23]} Bd4 {[%emt 0:01:41]} 58. Rb4 {[%emt 0:00:23]} Be5 {[%emt 0:00:37]} 59. Kf3 {[%emt 0:00:04]} h4 {[%emt 0:00:41]} 60. Rg4+ {[%emt 0:00:49]} Kh5 {[%emt 0:00:11]} 61. Rg1 {[%emt 0:02:08]} 1/2-1/2

[Event "POL-chT Ekstraliga 2018"]
[Site "Gorzow"]
[Date "2018.06.08"]
[Round "1"]
[White "Nurkiewicz, Maciej"]
[Black "Dragun, Kamil"]
[Result "1/2-1/2"]
[WhiteElo "2370"]
[BlackElo "2601"]
[Annotator "TA"]
[PlyCount "118"]
[EventDate "2018.06.08"]
[EventType "team-tourn"]
[EventCountry "POL"]
[SourceTitle "playchess.com"]
[Source "ChessBase"]
[SourceQuality "1"]

{[%evp 16,118,7,8,0,0,0,-3,-4,-6,0,-6,0,-2,0,-15,5,8,18,18,21,-30,-3,-3,-7,-4,-5,-6,-3,-12,-12,-10,-11,-9,-2,-13,-13,-18,-21,-17,0,-17,-17,-17,-15,-17,-17,-17,-18,-18,-18,-18,-18,-17,-18,-18,-9,-21,-21,-21,-21,-58,-38,-58,-58,-52,-52,-51,-58,-92,-58,-92,-69,-69,-69,-244,-232,-218,-193,-713,-549,-382,-115,-967,-64,-64,-64,-64,-64,-64,-64,-69,-64,-64,-8,-8,-8,-8,-8,-8,-8,-113,-113,-113,-113]} 1. d4 Nf6 2. c4 e6 3. Nc3 Bb4 4. Qb3 c5 5. dxc5 Nc6 6. Bg5 h6 7. Bxf6 {E23: Nimzo-Indian: 4 Qb3 c5 5 dxc5 Nc6} Qxf6 8. Nf3 Bxc5 9. Ne4 {LiveBook: 3 Games. The position is equal.} (9. e3 b6 10. Bd3 Bb7 11. Ne4 Bb4+ 12. Ke2 Qe7 13. a3 Bc5 14. Nxc5 Qxc5 {½-½ (31) Zhou,J (2620)-Bu,X (2723) Wuxi 2016}) 9... Qe7 10. Nxc5 Qxc5 11. e3 Qa5+ 12. Nd2 $1 O-O 13. Be2 d5 14. cxd5 exd5 15. Qb5 $146 ({Predecessor:} 15. Qc3 Qxc3 16. bxc3 {1-0 (54) Nigametzianov,M (2254)-Kirillov,A (2385) Novosibirsk 2002}) 15... Qd8 16. Nf3 d4 17. Rd1 {[%cal Rf3d4]} Bd7 18. exd4 (18. O-O $142) 18... Re8 (18... Rc8 {looks sharper.} 19. O-O Nxd4 20. Qe5 Nxe2+ 21. Qxe2 Re8) 19. O-O Nxd4 20. Rxd4 Bxb5 21. Rxd8 Bxe2 22. Rxe8+ Rxe8 $11 {[%mdl 4096] Endgame KRB-KRN} 23. Re1 Kf8 24. Nd4 Bd3 {[%cal Re8e1]} 25. Rxe8+ Kxe8 {KB-KN} 26. f4 Kd7 27. Kf2 a6 28. Ke3 Bb1 29. a3 Kd6 30. Nf3 Kd5 31. g3 Bf5 32. Nd2 f6 33. Nf3 b6 34. Nd2 a5 {[%cal Ba6a5,Ba5a4][%mdl 32]} 35. Nf3 g5 36. Nd2 g4 37. Nb3 a4 38. Nd4 Bd7 39. Kd3 Bc8 40. b3 axb3 41. Nxb3 Bd7 42. Nd2 Bb5+ 43. Kc3 Be2 44. a4 h5 45. f5 $2 (45. Nb3 $1 $15) 45... Ba6 $1 $19 46. Nb3 Bc8 $1 47. a5 $2 (47. Nd4) 47... bxa5 48. Nxa5 Ke4 $2 (48... Bxf5 $19 {and Black stays clearly on top. Hoping for ...Ke4.} 49. Nb3 Bb1) 49. Nc4 $2 {[%mdl 8192] [#]} (49. Nc6 $17) 49... Bxf5 $2 (49... Kf3 $1 $19 50. Nb6 Bxf5) 50. Nd6+ $15 Ke5 51. Nc4+ $1 Kd5 52. Ne3+ Ke4 53. Kd2 $1 Be6 {And now ...Kf3 would win.} 54. Ke2 f5 (54... Bd7 $15 55. Nd1 Bb5+ 56. Kf2 Ba6 57. Nc3+ Kd4) 55. Ng2 $1 $11 Bf7 {Black wants to play ...Be8.} 56. Kf2 Bc4 57. Nf4 {[#]} h4 $1 {[%cal Bh5h4,Bh4h3][%mdl 544] White should prevent ...hxg3+.} 58. Ng2 {[#]} (58. h3 $11 {was the only way to keep the balance.}) (58. gxh4 Kxf4) 58... h3 $1 $17 {[%cal Rh3g2]} 59. Nf4 Bf7 {Precision: White = 52%, Black = 53%.} 1/2-1/2

[Event "POL-chT Ekstraliga 2018"]
[Site "Gorzow"]
[Date "2018.06.08"]
[Round "1"]
[White "Paszewski, Mateusz"]
[Black "Dziuba, Marcin"]
[Result "0-1"]
[WhiteElo "2322"]
[BlackElo "2577"]
[Annotator "TA"]
[PlyCount "96"]
[EventDate "2018.06.08"]
[EventType "team-tourn"]
[EventCountry "POL"]
[SourceTitle "playchess.com"]
[Source "ChessBase"]
[SourceQuality "1"]

{[%evp 27,96,77,99,42,37,27,46,22,26,10,18,1,94,31,41,16,33,0,0,-9,33,39,49,15,18,9,135,0,15,8,40,0,58,0,6,0,0,0,10,-58,-44,-72,-30,-20,0,-88,-64,-706,-263,-2306,0,0,0,-676,-225,-679,-643,-677,-671,-662,-660,-644,-644,-611,-595,-669,-621,-29982,-29983,-29986,-29987]} 1. e4 c5 2. Nf3 d6 3. d4 cxd4 4. Nxd4 Nf6 5. Nc3 a6 6. f3 e5 7. Nb3 Be6 8. Be3 Nbd7 9. g4 Nb6 10. g5 {B90: Sicilian Najdorf: Unusual White 6th moves, 6 Be3 Ng4 and 6 Be3 e5} Nfd7 (10... Nh5 11. Qd2 Be7 12. O-O-O O-O 13. Kb1 Rc8 14. Rg1 g6 15. Qf2 Nc4 16. Bxc4 Rxc4 17. Nd5 Bxd5 18. Rxd5 b5 {1-0 (42) Ding,L (2783)-Ponomariov,R (2712) Khanty-Mansiysk 2017}) 11. Qd2 Be7 12. O-O-O Rc8 13. Kb1 O-O 14. h4 f5 {LiveBook: 11 Games} 15. gxf6 (15. Na5 $16) 15... Nxf6 $14 16. h5 Qc7 {[#]} 17. Qg2 $146 ({Predecessor:} 17. f4 exf4 18. Bxb6 Qxb6 {1-0 (35) Sadvakasov,D (2595)-Alekseev,E (2613) Skanderborg 2003}) 17... Rf7 18. Bd3 Nc4 19. Bc1 Bf8 (19... Qd7 $11) 20. Rdg1 (20. h6 $16) 20... Qd7 21. Bg5 b5 22. Bxf6 Rxf6 23. Nd5 Bxd5 24. exd5 Qf7 ({Avoid the trap} 24... Ne3 $2 25. Qg5 $18) 25. Be4 a5 {[%cal Ba6a5,Ba5a4,Ba4a3][%mdl 32]} 26. Qe2 Rh6 {[#]} (26... a4 $11) 27. Qd3 (27. Nxa5 $1 $16 {[%mdl 512] Strongly threatening Nc6.} Nxa5 28. Qd2 Rxh5 29. Qxa5) 27... a4 28. Nc1 b4 29. Ne2 Qa7 ({Black should try} 29... Kh8 $1 $11) 30. Ng3 (30. Bf5 $14 Rc7 31. Rh4 (31. Be6+ Kh8 $16)) 30... Kh8 31. Rg2 a3 32. b3 $1 {[%cal Rb3c4]} Ne3 33. Rd2 (33. Re2 $11 Rc3 34. Qd2) 33... Be7 34. Qb5 Bg5 35. Qxb4 Rf6 36. Re2 (36. Ne2 $11 {keeps the balance.}) 36... Rf7 {...Rb7 is the strong threat.} 37. Nf1 $2 {[%mdl 8192]} (37. Rxe3 $15 Bxe3 38. Bd3) 37... Rb7 $2 (37... Nd1 {And now ...Nc3+ would win.} 38. f4 Nc3+ 39. Ka1 exf4) 38. Qd2 $2 {[#]} (38. Qxb7 Qxb7 39. Nxe3) 38... Nxf1 $2 (38... Nxc2 $1 $19 {( -> ...Rxb3+!)} 39. Qxc2 Rxc2 40. Rxc2 Rc7) 39. Qxg5 $11 Qd4 $40 {[%csl Ga3][%cal Rd4b2][%mdl 128] Black mounts an attack.} 40. c3 $2 {[%mdl 8192]} (40. Qc1 $11 Rxb3+ 41. axb3 a2+ 42. Kxa2 Ra8+ 43. Qa3 Rxa3+ 44. Kxa3) 40... Qd1+ $19 41. Qc1 Qxe2 42. Rxf1 {[#]} Rxc3 $1 {[%mdl 512]} 43. Qxc3 {[%cal Rc3c8]} Qxf1+ {KQR-KQB} 44. Kc2 {[%cal Rc3c8]} Qe2+ 45. Kc1 {[%cal Rc3c8] [#]} Rb8 $1 46. h6 Rg8 47. hxg7+ Rxg7 48. Qc8+ Rg8 {Precision: White = 21%, Black = 45%.} 0-1

[Event "POL-chT Ekstraliga 2018"]
[Site "Gorzow"]
[Date "2018.06.08"]
[Round "1"]
[White "Sliwicka, Alicja"]
[Black "Socko, Monika"]
[Result "1/2-1/2"]
[WhiteElo "2274"]
[BlackElo "2458"]
[Annotator "TA"]
[PlyCount "89"]
[EventDate "2018.06.08"]
[EventType "team-tourn"]
[EventCountry "POL"]
[SourceTitle "playchess.com"]
[Source "ChessBase"]
[SourceQuality "1"]

{[%evp 10,89,27,6,19,3,13,4,31,24,39,16,35,18,29,4,20,11,14,15,23,0,0,0,-18,-7,2,0,22,-36,-25,-22,-14,-93,-97,-95,-97,-96,-95,-146,-115,-113,-109,-90,-112,-104,-47,-100,-48,-91,-31,-197,-134,-201,-95,-155,-158,-133,-132,-126,-132,-139,-67,-133,0,0,0,0,0,0,0,0,0,0,0,0,0,0,0,0,0,0]} 1. e4 e6 2. d4 d5 3. Nc3 Bb4 4. a3 Bxc3+ 5. bxc3 Ne7 6. Bd3 b6 {C15: French: 3 Nc3 Bb4: Unusual White 4th moves} (6... c5 $5) (6... c5 7. Nf3 h6 8. O-O c4 9. Be2 Nbc6 10. a4 Qa5 11. Bb2 O-O 12. Re1 Bd7 13. Bf1 Ng6 14. Qd2 Rad8 {1-0 (45) Chigaev,M (2551)-Savchenko,B (2613) Sochi 2016}) 7. Nf3 Ba6 8. O-O $146 ({Predecessor:} 8. Qe2 Bxd3 9. cxd3 O-O 10. Bg5 Re8 11. O-O Nbc6 12. e5 Qd7 13. Nd2 h6 14. Be3 {1-0 (30) Poetsch,H (2474)-Fleischer,F (2206) Schwaebisch Gmuend 2014}) 8... Bxd3 9. cxd3 O-O 10. a4 Nbc6 11. Ba3 Re8 12. Nd2 Qd7 13. f4 Rad8 14. Nf3 Ng6 15. Ng5 h6 16. Nh3 dxe4 17. dxe4 f5 {[%cal Bf7f5,Bf5e4,Be4e3][%mdl 32]} 18. Qh5 Qf7 19. g4 (19. Qe2 $11) 19... Nge7 $36 {[%mdl 2048] Black is more active.} (19... fxe4 $6 20. Ng5 $1 $16 {[%mdl 512]}) 20. Qxf7+ $1 Kxf7 21. g5 (21. Nf2 $11) 21... fxe4 $17 22. Bxe7 Nxe7 ({But not} 22... Kxe7 $6 23. Rfe1 $11) 23. Nf2 e3 24. Ne4 (24. Ng4 $142) 24... Nf5 25. a5 Re7 26. axb6 axb6 27. Rfe1 Rd5 (27... h5 $17) 28. Ra2 (28. gxh6 $15 gxh6 29. Kg2) 28... c5 (28... hxg5 $17 29. Nxg5+ Kg6) 29. dxc5 $15 bxc5 (29... e5 $17 30. cxb6 exf4) 30. Ra5 $2 (30. gxh6 $15 gxh6 31. Ra6) 30... c4 ({Better is} 30... e5 $19 31. c4 Rd4 32. Nxc5 hxg5 33. fxg5 Kg6 34. Ra6+ Kh5) 31. Ra4 (31. Ra6 $17 {was necessary.}) 31... Rc7 (31... e5 $19 {is more deadly.} 32. gxh6 exf4) 32. Kg2 {[#]} (32. Ra6 $142) 32... Rd2+ $1 $17 {[%mdl 512]} 33. Kh3 (33. Nxd2 exd2) 33... Rc2 34. gxh6 gxh6 35. Ra5 {[#]} Ke7 (35... Rd7 $1 $17 36. Ng3 Nxg3 37. Kxg3 Rxc3) 36. Re5 ({White should try} 36. Ra6 $15) 36... Rb7 (36... Rc8 $17 37. Rb1 Rc6 38. Rb7+ Kd8) 37. Nc5 $1 $11 {[%cal Rc5b7] The position is equal.} Rb6 38. Ra1 Kf7 {White must now prevent ...e2.} 39. Ra7+ Ne7 40. Rxe3 {And now f5 would win.} Rbb2 41. Rxe6 Rxc3+ 42. Kh4 Rxh2+ 43. Kg4 Rg2+ $1 ({Don't blunder} 43... h5+ $2 44. Kg5 $18) 44. Kh4 Rh2+ 45. Kg4 {Precision: White = 46%, Black = 48%.} 1/2-1/2